25 państw po najwyższych szczytach - Statystyki

Ogólne statystyki
  • Ten quiz został rozwiązany 103 razy
  • Średni wynik to 20 z 25
Statystyki odpowiedzi
podpowiedź odpowiedź % Poprawnych
Mount Everest Chiny
100%
Mount Everest Nepal
96%
Denali (McKinley) Stany Zjednoczone
96%
Kanczendzonga Indie
93%
Elbrus Rosja
93%
Logan Kanada
91%
Kenia Kenia
91%
K2 Pakistan
89%
Aconcagua Argentyna
87%
Ojos del Salado Chile
87%
Huascarán Peru
87%
Chan Tengri Kazachstan
83%
Orizaba Meksyk
82%
Gangkhar Puensum Bhutan
76%
Sajama Boliwia
75%
Ararat Turcja
75%
Cristóbal Colón|Simón Bolívar Kolumbia
74%
Kilimandżaro Tanzania
74%
Szczyt Zwycięstwa Kirgistan
72%
Szczyt Ismaila Samaniego Tadżykistan
72%
Demawend Iran
71%
Chimborazo Ekwador
70%
Noszak Afganistan
69%
Szchara Gruzja
54%
Hkakabo Razi Mjanma
39%
Nie znaleziono quizów pasujących do podanych kryteriów
Rozkład punktacji
Procent ludzi z każdym wynikiem
Percentyl według liczby udzielonych odpowiedzi
Twoja historia wyników
Nie rozwiązałeś tego quizu